Income tex and salaried class / (Record no. 39654)
[ view plain ]
| 000 -LEADER | |
|---|---|
| fixed length control field | 02002nam a22003377a 4500 |
| 005 - DATE AND TIME OF LATEST TRANSACTION | |
| control field | 20100806113654.0 |
| 010 ## - LCCN (DPL NO) | |
| LC control number | ENG-98448 |
| 020 ## - INTERNATIONAL STANDARD BOOK NUMBER | |
| International Standard Book Number | 9788174533111 |
| Terms of availability | 600.00 |
| 035 ## - SYSTEM CONTROL NUMBER | |
| System control number | EN-81981 |
| 035 ## - SYSTEM CONTROL NUMBER | |
| System control number | B-424600-604 |
| 037 ## - SOURCE OF ACQUISITION | |
| Source of stock number/acquisition | DBAD/PUB |
| 037 ## - SOURCE OF ACQUISITION | |
| Source of stock number/acquisition | Blueberry Books |
| 082 ## - DEWEY DECIMAL CLASSIFICATION NUMBER | |
| Classification number | 336.240954 |
| 100 ## - MAIN ENTRY--PERSONAL NAME | |
| Personal name | Choudhary, Neelam. |
| 245 ## - TITLE STATEMENT | |
| Title | Income tex and salaried class / |
| Remainder of title | by Neelam Choudhary |
| 260 ## - PUBLICATION, DISTRIBUTION, ETC. (IMPRINT) | |
| Place of publication, distribution, etc | New Delhi |
| Name of publisher, distributor, etc | Sanjay Prakashan |
| Date of publication, distribution, etc | 1998 |
| 270 ## - ADDRESS | |
| Address | 4378/4 D.209 J.M.D House,Ansari Road,Darya Ganj |
| City | New Delhi |
| Postal code | 110002 |
| 300 ## - PHYSICAL DESCRIPTION | |
| Extent | xii,260p. |
| Dimensions | 23cm (pbk) |
| 500 ## - GENERAL NOTE | |
| General note | Includes bibliographical referenes. |
| 650 ## - SUBJECT ADDED ENTRY--TOPICAL TERM | |
| Topical term or geographic name as entry element | Cost & standard of living. |
| 650 ## - SUBJECT ADDED ENTRY--TOPICAL TERM | |
| Topical term or geographic name as entry element | Emplioyes-Economic Conditions. |
| 650 ## - SUBJECT ADDED ENTRY--TOPICAL TERM | |
| Topical term or geographic name as entry element | Income Tax |
| 942 ## - ADDED ENTRY ELEMENTS (KOHA) | |
| Source of classification or shelving scheme | Dewey Decimal Classification |
| Item type | English Books |
| Classification part | 336.240954 |
| Call number suffix | CHO |
| Withdrawn status | Lost status | Not for loan | Collection code | Home library | Current library | Date acquired | Source of acquisition | Cost, normal purchase price | Full call number | Barcode | Copy number | Cost, replacement price | Koha item type |
|---|---|---|---|---|---|---|---|---|---|---|---|---|---|
| Non-fiction | Central Library | Central Library | 23/06/2011 | Blueberry Books/6310/11.3.11/7/4.3.11/22.3.11 | 600.00 | 336.240954 CHO | B-424600 | 1 | 600.00 | English Books | |||
| Not For Loan | Non-fiction | D.B.Act.Division | D.B.Act.Division | 06/08/2010 | DBAD/PUB | 600.00 | 336.240954 CHO | EN-81981 | 1 | 600.00 | English Books | ||
| Written-off vide DLB M. No. 383 dt 16.05.19 | Non-fiction | Narela | Narela | 23/06/2011 | Blueberry Books/6310/11.3.11/7/4.3.11/22.3.11 | 600.00 | 336.240954 CHO | B-424603 | 1 | 600.00 | English Books | ||
| Non-fiction | Patel Nagar | Patel Nagar | 23/06/2011 | Blueberry Books/6310/11.3.11/7/4.3.11/22.3.11 | 600.00 | 336.240954 CHO | B-424601 | 1 | 600.00 | English Books | |||
| Non-fiction | Sarojini Nagar | Sarojini Nagar | 23/06/2011 | Blueberry Books/6310/11.3.11/7/4.3.11/22.3.11 | 600.00 | 336.240954 CHO | B-424602 | 1 | 600.00 | English Books | |||
| Non-fiction | Shahdara Branch | Shahdara Branch | 23/06/2011 | Blueberry Books/6310/11.3.11/7/4.3.11/22.3.11 | 600.00 | 336.240954 CHO | B-424604 | 1 | 600.00 | English Books |
